[Event "GER-chT U16"]
[Site "Dittrichshuette"]
[Date "2004.12.29"]
[Round "5"]
[White "Pokorny, Fabian"]
[Black "Frey, Simone"]
[Result "1-0"]
[WhiteElo "1336"]
[BlackElo "1031"]
[PlyCount "59"]
[EventDate "2004.12.27"]
[EventType "team"]
[EventRounds "6"]
[EventCountry "GER"]
[SourceTitle "EXT 2006"]
[Source "ChessBase"]
[SourceDate "2005.11.24"]
[SourceVersion "1"]
[SourceVersionDate "2005.11.24"]
[SourceQuality "1"]

1. e4 e6 2. d4 d5 3. exd5 exd5 4. Nf3 Nf6 5. Nc3 c6 6. h3 Bd6 7. Bd3 h6 8. 0-0 0-0 9. Re1 Re8 10. Re3 b6 11. Qe2 Bd7 12. Rxe8+ Bxe8 13. Ne5 c5 14. dxc5 Bxe5 15. Qxe5 bxc5 16. Bf5 Nc6 17. Qg3 d4 18. Ne4 Nxe4 19. Bxe4 Qb8 20. Qg4 Qc8 21. Bf5 Qd8 22. Bxh6 Qf6 23. Bg5 Qd6 24. Qh4 f6 25. Qh7+ Kf7 26. Bg6+ Ke7 27. Qxg7+ Kd8 28. Bxf6+ Ne7 29. Bxe8 Kxe8 30. Re1 1-0

[Event "GER-chT U16"]
[Site "Dittrichshuette"]
[Date "2004.12.27"]
[Round "1"]
[White "Frey, Simone"]
[Black "Palenta, Adam"]
[Result "0-1"]
[WhiteElo "1031"]
[BlackElo "1608"]
[PlyCount "88"]
[EventDate "2004.12.27"]
[EventType "team"]
[EventRounds "6"]
[EventCountry "GER"]
[SourceTitle "EXT 2006"]
[Source "ChessBase"]
[SourceDate "2005.11.24"]
[SourceVersion "1"]
[SourceVersionDate "2005.11.24"]
[SourceQuality "1"]

1. e4 c5 2. Nf3 d6 3. d4 cxd4 4. Nxd4 Nf6 5. Nc3 a6 6. Be2 e6 7. 0-0 Be7 8. f4 Nc6 9. Be3 0-0 10. Qe1 Re8 11. Rd1 Qc7 12. Qg3 b5 13. f5 e5 14. Bh6 Bf8 15. Nxc6 Qxc6 16. Bg5 Nxe4 17. Bf3 Qc5+ 18. Rf2 Nxg3 19. hxg3 Rb8 20. Ne4 Qb6 21. g4 Bb7 22. Kf1 d5 23. Ng3 e4 24. Be2 Bd6 25. Nh5 Bc5 26. Rf4 Be3 27. c3 f6 28. Bh4 Bxf4 29. Nxf4 b4 30. Nxd5 Bxd5 31. Rxd5 Rbd8 32. Bc4 Rxd5 33. Bxd5+ Kh8 34. Be6 bxc3 35. bxc3 Rxe6 36. fxe6 Qxe6 37. Kf2 Qxa2+ 38. Ke3 Qxg2 39. c4 Qf3+ 40. Kd4 e3 41. c5 Qxg4+ 42. Kxe3 Qxh4 43. c6 Qc4 44. Kd2 Qxc6 0-1